|
|
|
|
| LEADER |
00000nam0a2200000 4500 |
| 001 |
22378 |
| 005 |
20231030194656.0 |
| 035 |
|
|
|a (RuTPU)RU\TPU\book\22591
|
| 035 |
|
|
|a BOOK00000354
|
| 090 |
|
|
|a 22378
|
| 100 |
|
|
|a 20011209d2000 k y0rusy50 ca
|
| 101 |
0 |
|
|a rus
|
| 102 |
|
|
|a RU
|
| 105 |
|
|
|a y dm 000zy
|
| 200 |
1 |
|
|a Золотогенерирующие магмо-рудно-метасоматические системы северо-восточной части Горного Алтая
|e автореферат диссертации на соискание ученой степени кандидата геолого-минералогических наук
|f А. И. Гусев
|g Томский политехнический университет
|
| 210 |
|
|
|a Томск
|c [Б. и.]
|d 2000
|
| 215 |
|
|
|a 20 с.
|
| 610 |
1 |
|
|a золото
|
| 610 |
1 |
|
|a месторождения
|
| 610 |
1 |
|
|a Горный Алтай
|
| 610 |
1 |
|
|a Синюхинское месторождение
|
| 610 |
1 |
|
|a прогнозная оценка
|
| 610 |
1 |
|
|a авторефераты диссертаций
|
| 675 |
|
|
|a 553.411(571)(04)
|v 3
|
| 700 |
|
1 |
|a Гусев
|b А. И.
|g Анатолий Иванович
|
| 712 |
0 |
2 |
|a Томский политехнический университет
|2 stltpush
|3 (RuTPU)RU\TPU\col\376
|
| 801 |
|
0 |
|a RU
|b 63413507
|c 20011209
|g PSBO
|
| 801 |
|
2 |
|a RU
|b 63413507
|c 20040429
|g PSBO
|
| 942 |
|
|
|c BK
|